01191nam a2200313Ia 4500001001200000003000800012006001900020007001500039008004100054010001700095020001800112020001800130020001800148040002100166035002100187050002700208100001900235245011400254260005600368300001700424504005100441533015200492650002400644650002000668655002900688710001700717856012600734999001700860ebr10631871CaPaEBRm u cr cn|||||||||120725s2013 cau sb s001 0 eng d z 2012030149 z9780520274785 z9780520274792 z9780520954519 aCaPaEBRcCaPaEBR a(OCoLC)83231619514aRC455.2.E8bB76 2013eb1 aBrodwin, Paul.10aEveryday ethicsh[electronic resource] :bvoices from the front line of community psychiatry /cPaul Brodwin. aBerkeley :bUniversity of California Press,cc2013. axiii, 233 p. aIncludes bibliographical references and index. aElectronic reproduction.bPalo Alto, Calif. :cebrary,d2013.nAvailable via World Wide Web.nAccess may be limited to ebrary affiliated libraries. 0aPsychiatric ethics. 0aMedical ethics. 7aElectronic books.2local2 aebrary, Inc.40uhttp://site.ebrary.com/lib/rucke/Doc?id=10631871zAn electronic book accessible through the World Wide Web; click to view c71769d71769